Stochastic Models for Human Resource Management /by R. Elangovan, E. Susiganeshkumar (Record no. 52483)
[ view plain ]
| 000 -LEADER | |
|---|---|
| fixed length control field | 00579nam a22001817a 4500 |
| 003 - CONTROL NUMBER IDENTIFIER | |
| control field | OSt |
| 008 - FIXED-LENGTH DATA ELEMENTS--GENERAL INFORMATION | |
| fixed length control field | 260629b |||||||| |||| 00| 0 eng d |
| 020 ## - INTERNATIONAL STANDARD BOOK NUMBER | |
| International Standard Book Number | 9789390660858 |
| 082 ## - DEWEY DECIMAL CLASSIFICATION NUMBER | |
| Classification number | 658.3 |
| Item number | E37S |
| 100 ## - MAIN ENTRY--PERSONAL NAME | |
| Personal name | Elangovan, R. |
| 245 ## - TITLE STATEMENT | |
| Title | Stochastic Models for Human Resource Management /by R. Elangovan, E. Susiganeshkumar |
| 260 ## - PUBLICATION, DISTRIBUTION, ETC. (IMPRINT) | |
| Place of publication, distribution, etc | Delhi : |
| Name of publisher, distributor, etc | Satish Serial Publishing House, |
| Date of publication, distribution, etc | 2025. |
| 300 ## - PHYSICAL DESCRIPTION | |
| Extent | xi, 125 p. |
| 650 ## - SUBJECT ADDED ENTRY--TOPICAL TERM | |
| Topical term or geographic name as entry element | Technology (Applied sciences) |
| 700 ## - ADDED ENTRY--PERSONAL NAME | |
| Personal name | General management |
| 700 ## - ADDED ENTRY--PERSONAL NAME | |
| Personal name | Personnel management (Human Resource Management) |
| 942 ## - ADDED ENTRY ELEMENTS (KOHA) | |
| Source of classification or shelving scheme | |
| Koha item type | Books |
| Withdrawn status | Lost status | Source of classification or shelving scheme | Damaged status | Not for loan | Home library | Current library | Shelving location | Date acquired | Source of acquisition | Cost, normal purchase price | Total Checkouts | Full call number | Barcode | Date last seen | Bill Date | Koha item type | Bill Number |
|---|---|---|---|---|---|---|---|---|---|---|---|---|---|---|---|---|---|
| Dr. Rajendra Prasad Central Agricultural University Pusa, | Dr. Rajendra Prasad Central Agricultural University Pusa, | General Stacks | 29/06/2026 | IBPSS, | 1250.00 | 658.3 E37S | 87181 | 29/06/2026 | 28/01/2026 | Books | Invoice No. IBPS/021/2025-26 |